[Event "Montigny le Bretonneux Noel op 20th"]
[Site "Montigny le Bretonneux"]
[Date "2019.12.28"]
[Round "4"]
[White "Vo, Bao Nam"]
[Black "Delmas, Mathis"]
[Result "1-0"]
[WhiteElo "1226"]
[BlackElo "1120"]
[PlyCount "115"]
[EventDate "2019.12.27"]
[EventType "swiss"]
[EventRounds "7"]
[EventCountry "FRA"]
[SourceTitle "CBM 194 Extra"]
[Source "ChessBase"]
[SourceDate "2020.03.31"]
[SourceVersion "1"]
[SourceVersionDate "2020.03.31"]
[SourceQuality "1"]

1. e4 e5 2. Nf3 Nc6 3. Bc4 Nf6 4. d3 Bc5 5. 0-0 d6 6. Bg5 Nd4 7. c3 h6 8. cxd4 Bxd4 9. Nxd4 exd4 10. Bh4 0-0 11. Qf3 g5 12. Qg3 Nh5 13. Qf3 gxh4 14. Qxh5 Kh7 15. Bxf7 Rxf7 16. Qxf7+ Kh8 17. f4 h3 18. gxh3 Bxh3 19. Rf3 Qg8+ 20. Qxg8+ Rxg8+ 21. Rg3 Bg4 22. Kg2 h5 23. Kf2 Rf8 24. f5 Re8 25. h3 Bd1 26. b3 d5 27. Nd2 h4 28. Rg5 Bc2 29. Rh5+ Kg8 30. Rg1+ Kf7 31. Rh7+ Kf8 32. Rh8+ Ke7 33. Rxe8+ Kxe8 34. Nf3 Bxd3 35. exd5 Bxf5 36. Nxd4 Bxh3 37. Rh1 Bd7 38. Rxh4 c6 39. dxc6 bxc6 40. Rh8+ Ke7 41. Ra8 c5 42. Nf3 Bf5 43. Rxa7+ Kd6 44. a4 Bd7 45. Nd2 Kc6 46. Ra5 Kb6 47. Rb5+ Kc6 48. Ke3 Bf5 49. Ne4 Bc8 50. Rxc5+ Kb7 51. Nd6+ Kb6 52. Rxc8 Ka7 53. Rc6 Kb8 54. Kd4 Ka8 55. Kc5 Ka7 56. Kb5 Kb8 57. Kb6 Ka8 58. Rc8# 1-0

[Event "Montigny le Bretonneux Noel op 20th"]
[Site "Montigny le Bretonneux"]
[Date "2019.12.27"]
[Round "2"]
[White "Tanchoux, Pierre"]
[Black "Delmas, Mathis"]
[Result "0-1"]
[WhiteElo "1322"]
[BlackElo "1120"]
[PlyCount "26"]
[EventDate "2019.12.27"]
[EventType "swiss"]
[EventRounds "7"]
[EventCountry "FRA"]
[SourceTitle "CBM 194 Extra"]
[Source "ChessBase"]
[SourceDate "2020.03.31"]
[SourceVersion "1"]
[SourceVersionDate "2020.03.31"]
[SourceQuality "1"]

1. e4 e5 2. Nf3 Nc6 3. Bc4 Nf6 4. d3 Bc5 5. Bg5 h6 6. Bh4 d6 7. Nc3 Bg4 8. h3 Bh5 9. Nd5 g5 10. Nxf6+ Qxf6 11. g4 Bxg4 12. hxg4 gxh4 13. Nxh4 Qxf2# 0-1